01614cam a2200349 a 45000010008000000030004000080050017000120080041000290100017000700200015000870350020001020400018001220420014001400430012001540820014001661110110001802450195002902600039004853000026005245000090005505000068006405000036007085040041007446500059007856500084008446500082009287100089010109060045010999420012011449990015011569520093011713494559OSt20230619151459.0940511s1993 nyu b i100 0 eng d a 94157156  a9211512603 a(OCoLC)29926359 aNHCcNHCdDLC alccopycat ad------ a304.8bUN2 aUnited Nations Expert Meeting on the Feminization of Internal Migrationd(1991 :cAguascalientes, Mexico)10aInternal migration of women in developing countries :bproceedings of the United Nations Expert Meeting on the Feminization of Internal Migration, Aguascalientes, Mexico, 22-25 October 1991. aNew York :bUnited Nations,c1993. axii, 359 p. ;c28 cm. aAt head of title: Department for Economic and Social Information and Policy Analysis. a"United Nations publication sales no. E.94.XIII.3"--T.p. verso. a"ST/ESA/SER.R/127"--T.p. verso. aIncludes bibliographical references. 0aMigration, InternalzDeveloping countriesvCongresses. 0aWomen internal migrantszDeveloping countriesxEconomic conditionsvCongresses. 0aWomen internal migrantszDeveloping countriesxSocial conditionsvCongresses.2 aUnited Nations.bDepartment for Economic and Social Information and Policy Analysis. a7bcbcccopycatd2encipf19gy-gencatlg 2ddccBK c1372d1372 00102ddc4070a002b002d2023-06-19l0o304.8 UNp10006699r2023-06-19w2023-06-19yBK